| 000 | 00361nam a2200157Ia 4500 | ||
|---|---|---|---|
| 008 | 221030s9999 xx 000 0 und d | ||
| 020 | _a8183331630 | ||
| 041 | _aEnglish | ||
| 100 | _aY. P. Kanetkar | ||
| 245 | 0 |
_aLet Us C _cby Y. P. Kanetkar |
|
| 250 | _a13th | ||
| 260 |
_bBPB Pub _aNew Delhi _c2015 |
||
| 300 | _a656 | ||
| 650 | _aComputers | ||
| 942 | _cBK | ||
| 999 |
_c15795 _d15795 |
||